Lipolyse - Statistiques

Statistiques générales
  • Ce quiz a été pris 4 fois
  • Le résultat moyen est 3 sur 7
Statistiques - réponses
Hint Réponse % Correct
2 Acyl coA (cytosol)
75%
1 AG
75%
6 B- ketoacyl CoA
50%
7 Acétyl CoA + AcylcoA (n-2)
25%
5 B- hydroxyacyl CoA
25%
3 Acyl coA (matrice mitochondriale)
0%
4 Trans enoyl coA
0%
Aucun quiz correspondant
Distribution des résultats
% des personnes avec chaque résultat
Percentile par nombre de réponses
Votre historique - résultats
Vous n’avez pas pris ce quiz